| 000 | 00791nam a22002051i 4500 | ||
|---|---|---|---|
| 001 | 183367 | ||
| 003 | ES-MaACL | ||
| 005 | 20250822062600.0 | ||
| 008 | 140331m19671968sp | |||| ||spa d | ||
| 080 | _a159.9(081) Freud,Sigmund | ||
| 100 | 1 |
_aFreud, Sigmund, _d1856-1939 _952547 |
|
| 245 | 1 | 0 |
_aObras completas / _cSigmund Freud ; traducción directa del alemán por Luis López- Ballesteros y de Torres : revisión de los textos por el doctor Germain. |
| 260 |
_aMadrid : _bBiblioteca Nueva, _c1967-1968. |
||
| 300 |
_a3 v. ; _c22 cm. |
||
| 650 | 0 | 4 |
_aPsicoanálisis. _916530 |
| 650 | 0 | 7 |
_aPsicología _2embne _916540 |
| 700 | 1 |
_aLópez-Ballesteros y de Torres, Luis. _973432 |
|
| 852 |
_aES-MaACL _jG-5563-65 _xFalta vol. 1 en el recuento de 1976 |
||
| 999 |
_c183367 _d183367 |
||